00627 2200217 4500001002100000005001500021035002000036007000300056008004100059020000600100082000800106084001400114100003600128245009700164250000600261260003400267300003000301700003500331650002600366990001700392INLIS00000000000152720260430085313 a0010-1123000158ta260430 c 0 ind  a- a611 a611 ALE t0 aAlexander Sindora ( Pengarang )1 aTubuh Manusia :bkatakan padaku mengapa ? /cAlexander Sindora ; editor, Drs. Lyndon Saputra a- aBatam :bQuality Press,c2001 a35 :bilus. ;c23.5 cme-0 aDrs. Lyndon Saputra ( Editor ) 4aANATOMI TUBUH MANUSIA a00129/K/2006